Patrologia orientalis. (Record no. 184070)

MARC details
000 -LEADER
campo de control de longitud fija 02126nam a2200313 i 4500
001 - NÚMERO DE CONTROL
campo de control 184070
003 - IDENTIFICADOR DE NÚMERO DE CONTROL
campo de control ES-MaACL
005 - FECHA Y HORA DE LA ÚLTIMA TRANSACCIÓN
campo de control 20251114151652.0
008 - DATOS DE LONGITUD FIJA--INFORMACIÓN GENERAL
campo de control de longitud fija 150304s1922 fr |||| | fre d
080 ## - NÚMERO DE LA CLASIFICACIÓN DECIMAL UNIVERSAL
Número de la Clasificación Decimal Universal 281.71
245 00 - MENCIÓN DEL TÍTULO
Título Patrologia orientalis.
Número de parte o sección de la obra Tomus decimus sextus /
Mención de responsabilidad, etc. [édité par] R. Graffin et F. Nau.
260 ## - PUBLICACIÓN, DISTRIBUCIÓN, ETC.
Lugar de publicación, distribución, etc. Paris :
Nombre del editor, distribuidor, etc. Firmin-Didot et cie, éditeurs,
Fecha de publicación, distribución, etc. 1922.
300 ## - DESCRIPCIÓN FÍSICA
Extensión 862-XI p. ;
Dimensiones 28 cm.
500 ## - NOTA GENERAL
Nota general Contiene índices de los tomos I a XVI.
505 8# - NOTA DE CONTENIDO CON FORMATO
Nota de contenido con formato Contiene: Le synaxaire arménien de Ter Israël. IV, Mois de Tré / publié et traduit par le Dr. G. Bayan. - 1922 ; Fasc. 1 Le synaxaire arabe jacobite (rédaction copte). IV, Les mois de Barmahat, Barmoudah et Bachons / texte arabe publié, traduit et annoté par René Basset,.... - 1922 ; Fasc. 2 Homélies mariales byzantines. [I], I. Abraham d'Éphèse. - Abbé Théognoste. - III. S. Euthyme, Patriarche de Constantinople, et Aréthas de Césarée. - IV. Michel Psellos. - V. Néophyte le Reclus. - VI. Manuel II Paléologue. - VII. Georges Scholarios / textes grecs édités et traduits en latin par Martin Jugie,.... - 1922 ; Fasc. 3 La Perle Précieuse traitant des sciences ecclésiastiques (chapitres I-LVI) / par Jean, fils d'Abou-Zakariyâ, surnommé ibn Sabâ? ; texte arabe publié et traduit par Jean Périer,.... - 1922 ; Fasc. 4 Les Homiliae Cathedrales de Sévère d'Antioche (suite) : Homélie LXXVII / texte grec édité et traduit en français, versions syriaques publiées pour la première fois par M.-A. Kugener & Edg. Triffaux. - 1922
650 ## - PUNTO DE ACCESO ADICIONAL DE MATERIA--TÉRMINO DE MATERIA
Término de materia o nombre geográfico como elemento de entrada Patrística.
9 (RLIN) 15895
650 07 - PUNTO DE ACCESO ADICIONAL DE MATERIA--TÉRMINO DE MATERIA
Término de materia o nombre geográfico como elemento de entrada Literatura cristiana primitiva
Fuente del encabezamiento o término embne
9 (RLIN) 14529
700 1# - ENTRADA AGREGADA--NOMBRE PERSONAL
Nombre de persona Ter Israël.
9 (RLIN) 156173
700 1# - ENTRADA AGREGADA--NOMBRE PERSONAL
Nombre de persona Bayan, George.
9 (RLIN) 156174
700 0# - ENTRADA AGREGADA--NOMBRE PERSONAL
Nombre de persona Basset, René.
9 (RLIN) 26315
700 1# - ENTRADA AGREGADA--NOMBRE PERSONAL
Nombre de persona Jugie, Martin,
Fechas asociadas al nombre 1878-1954
9 (RLIN) 156469
700 1# - ENTRADA AGREGADA--NOMBRE PERSONAL
Nombre de persona Périer, Jean-Baptiste,
Fechas asociadas al nombre 1870-1940
9 (RLIN) 156171
700 1# - ENTRADA AGREGADA--NOMBRE PERSONAL
Nombre de persona Kugener, Marc-Antoine (
Fechas asociadas al nombre 1873-1941)
9 (RLIN) 156164
700 1# - ENTRADA AGREGADA--NOMBRE PERSONAL
Nombre de persona Triffaux, Edgar.
9 (RLIN) 156470
700 1# - ENTRADA AGREGADA--NOMBRE PERSONAL
Nombre de persona Graffin, René,
Fechas asociadas al nombre 1858-1941
9 (RLIN) 156163
700 1# - ENTRADA AGREGADA--NOMBRE PERSONAL
Nombre de persona Nau, François.
9 (RLIN) 85006
852 ## - LOCALIZACIÓN
Ubicación ES-MaACL
Número de control de estantería G-705
Holdings
Estatus retirado Estado de pérdida Estado de daño No para préstamo Biblioteca de origen Biblioteca actual Ubicación en estantería Fecha de adquisición Fuente de adquisición Total de préstamos Signatura topográfica completa Código de barras Visto por última vez Precio de reemplazo Tipo de ítem Koha
        Biblioteca del Ateneo de Madrid Biblioteca del Ateneo de Madrid Depósito 2 04/03/2015     G-705 1193559 23/02/2023 23/02/2023 Libro impreso